000 nam a22 7a 4500
999 _c28523
_d28522
003 OSt
005 20170525000716.0
008 170525b xxu||||| |||| 00| 0 eng d
020 _a9781586761219
040 _aMMU
_beng
_cMMU
_dMMU
245 _aNetwork Design:
_bA process for designing and managing data networks/
260 _aUSA:
_bWestnet Learning technologies,
_c1999.
300 _axx, 552p.:
500 _aIncludes bibliographical references and index
650 _aNetwork Design
942 _2lcc
_cLOAN LOAN